Computers in Business Management <An> Introduction

Na minha lista:
Detalhes bibliográficos
Autor principal: O`Brien, James A.
Formato: Livro
Idioma:inglês
Publicado em: Homewood IRWIN 1985
Edição:4. ed.
Assuntos:
Tags: Adicionar Tag
Sem tags, seja o primeiro a adicionar uma tag!

MARC

LEADER 00000nam a2200000 4500
001 c009613
005 20221207074451.1
020 |a 0-256-03211-4 
041 0 |a eng 
044 |a US 
245 1 0 |a Computers in Business Management  |b <An> Introduction  |c James A. O`Brien 
250 |a 4. ed. 
264 1 |a Homewood  |b IRWIN  |c 1985 
300 |a 735 s. 
610 2 0 |a manažment 
610 2 0 |a počítače 
610 2 0 |a využitie počítačov 
610 2 0 |a podnikanie obchodné 
610 2 0 |a programy počítačové 
610 2 0 |a softvér 
610 2 0 |a systémy informačné 
100 1 |a O`Brien, James A.